00275nam a22000857a 4500100003100000245007400031260004900105300001000154650002500164 aPothupitiya,Jinal Udayanga aAn Evaluation of coconut shell poder a a filler in rubber vulcaniates aColombobInstitute of Chemistry Cetlonc2013 a112 p aIndustrial chemistry